Концепция становления советской власти в учебнике М.Н. Зуева; Трансформация научных парадигм и коммуникативные практики в информационном социуме

Detaylı Bibliyografya
Parent link:Трансформация научных парадигм и коммуникативные практики в информационном социуме.— 2013.— [С. 190-192]
Yazar: Гузарова Н. И. Надежда Ивановна
Müşterek Yazar: Национальный исследовательский Томский политехнический университет (ТПУ) Институт социально-гуманитарных технологий (ИСГТ) Кафедра истории и регионоведения (ИСТ)
Özet:Заглавие с титульного листа.
Dil:Rusça
Baskı/Yayın Bilgisi: 2013
Seri Bilgileri:Смена исследовательских парадигм в развитии современной историографии
Konular:
Online Erişim:http://www.lib.tpu.ru/fulltext/c/2012/C26/072.pdf
Materyal Türü: Elektronik Kitap Bölümü
KOHA link:https://koha.lib.tpu.ru/cgi-bin/koha/opac-detail.pl?biblionumber=605253

MARC

LEADER 00000naa2a2200000 4500
001 605253
005 20260225162235.0
035 |a (RuTPU)RU\TPU\conf\2538 
035 |a RU\TPU\conf\2536 
090 |a 605253 
100 |a 20140407d2013 k y0rusy50 ca 
101 0 |a rus 
102 |a RU 
135 |a drnn ---uucaa 
181 0 |a i  
182 0 |a b 
200 1 |a Концепция становления советской власти в учебнике М.Н. Зуева  |f Н. И. Гузарова 
203 |a Текст  |c электронный 
215 |a 1 файл (273 Кб) 
225 1 |a Смена исследовательских парадигм в развитии современной историографии 
300 |a Заглавие с титульного листа. 
320 |a [Библиогр.: с. 192 (1 назв.)] 
337 |a Adobe Reader 
463 1 |0 (RuTPU)RU\TPU\conf\2405  |t Трансформация научных парадигм и коммуникативные практики в информационном социуме  |o сборник научных трудов конференции, г. Томск, 22-23 ноября 2012 г.  |f Национальный исследовательский Томский политехнический университет (ТПУ) ; ред. коллегия В. И. Турнаев [и др.]  |v [С. 190-192]  |d 2013 
600 1 |a Зуев  |b М. Н. 
610 1 |a труды учёных ТПУ 
610 1 |a электронный ресурс 
610 1 |a концепция 
610 1 |a становление 
610 1 |a Советская власть 
610 1 |a история России 
700 1 |a Гузарова  |b Н. И.  |c историк  |c доцент Томского политехнического университета, кандидат исторических наук  |f 1955-  |g Надежда Ивановна  |3 (RuTPU)RU\TPU\pers\26631 
712 0 2 |a Национальный исследовательский Томский политехнический университет (ТПУ)  |b Институт социально-гуманитарных технологий (ИСГТ)  |b Кафедра истории и регионоведения (ИСТ)  |3 (RuTPU)RU\TPU\col\18372 
801 2 |a RU  |b 63413507  |c 20140407  |g RCR 
856 4 |u http://www.lib.tpu.ru/fulltext/c/2012/C26/072.pdf 
942 |c CF